[Event "Cullera op-A 25th"]
[Site "Cullera"]
[Date "2004.07.26"]
[Round "6"]
[White "Paaske, Asger"]
[Black "Molina Ballester, Sergio"]
[Result "1/2-1/2"]
[WhiteElo "2161"]
[BlackElo "2012"]
[PlyCount "27"]
[EventDate "2004.07.??"]
[EventType "swiss"]
[EventRounds "9"]
[EventCountry "ESP"]
[SourceTitle "CBM 101 Extra"]
[Source "ChessBase"]
[SourceDate "2004.09.01"]
[SourceVersion "2"]
[SourceVersionDate "2004.09.01"]
[SourceQuality "1"]

1. e4 c5 2. Nf3 d6 3. d4 cxd4 4. Nxd4 Nf6 5. Nc3 a6 6. a4 e5 7. Nf3 Nc6 8. Bg5 Be6 9. Be2 Be7 10. 0-0 0-0 11. Qd2 Qc7 12. Bxf6 Bxf6 13. Rad1 Rfd8 14. Nd5 1/2-1/2

[Event "Cullera op-A 25th"]
[Site "Cullera"]
[Date "2004.07.25"]
[Round "5"]
[White "Carrasco Fernandez, Manuel"]
[Black "Paaske, Asger"]
[Result "0-1"]
[WhiteElo "2004"]
[BlackElo "2161"]
[PlyCount "96"]
[EventDate "2004.07.??"]
[EventType "swiss"]
[EventRounds "9"]
[EventCountry "ESP"]
[SourceTitle "CBM 101 Extra"]
[Source "ChessBase"]
[SourceDate "2004.09.01"]
[SourceVersion "2"]
[SourceVersionDate "2004.09.01"]
[SourceQuality "1"]

1. e4 c5 2. Nf3 Nc6 3. d4 cxd4 4. Nxd4 Nf6 5. Nc3 e5 6. Ndb5 d6 7. Bg5 a6 8. Na3 b5 9. Nd5 Be7 10. Nxe7 Nxe7 11. f3 0-0 12. c3 d5 13. Bd3 Qb6 14. Qd2 Rd8 15. exd5 Nexd5 16. 0-0-0 Be6 17. Kb1 Rac8 18. Rhe1 b4 19. cxb4 Nxb4 20. Be3 Qa5 21. Rc1 Rxd3 22. Rxc8+ Bxc8 23. Qc1 Be6 24. Bd2 Qd5 25. Nc4 Rxd2 26. Qxd2 Qxd2 27. Nxd2 Bxa2+ 28. Kc1 Nd3+ 29. Kd1 Nxe1 30. Kxe1 Bd5 31. Nb1 Kf8 32. Nc3 Ke7 33. Na4 Kd6 34. b4 e4 35. Nc5 exf3 36. gxf3 Bxf3 37. Nxa6 Kc6 38. Kf2 Bd5 39. h4 Kb5 40. Nc5 Ne4+ 41. Nxe4 Bxe4 42. Ke3 Bg6 43. Kf4 Kxb4 44. Kg5 h6+ 45. Kg4 Kc4 46. Kf3 Kd4 47. Kf4 f5 48. Kg3 Ke4 0-1

[Event "Cullera op-A 25th"]
[Site "Cullera"]
[Date "2004.07.23"]
[Round "4"]
[White "Paaske, Asger"]
[Black "Banuls Perez, Fernando"]
[Result "0-1"]
[WhiteElo "2161"]
[BlackElo "2020"]
[PlyCount "87"]
[EventDate "2004.07.??"]
[EventType "swiss"]
[EventRounds "9"]
[EventCountry "ESP"]
[SourceTitle "CBM 101 Extra"]
[Source "ChessBase"]
[SourceDate "2004.09.01"]
[SourceVersion "2"]
[SourceVersionDate "2004.09.01"]
[SourceQuality "1"]

1. e4 c5 2. Nf3 d6 3. c3 Nf6 4. Bc4 e6 5. Qe2 Be7 6. Bb3 0-0 7. 0-0 Qc7 8. Re1 Nbd7 9. d3 a6 10. a4 b6 11. h3 Bb7 12. Na3 Bc6 13. Bc2 e5 14. d4 Rfb8 15. Bg5 Nf8 16. dxe5 dxe5 17. Nc4 Ng6 18. Ncd2 Nd7 19. Bxe7 Nxe7 20. Nf1 Ng6 21. Bb3 b5 22. axb5 Bxb5 23. Bc4 Nf4 24. Bxf7+ Kxf7 25. Qd2 h6 26. Ne3 Nd3 27. Nd5 Qd6 28. Re3 c4 29. Nh4 Nf8 30. Nf5 Qd8 31. Rf3 Nf4 32. Nxh6+ gxh6 33. g3 N8g6 34. gxf4 exf4 35. Qd4 Qd6 36. Re1 Rg8 37. Kh2 Rae8 38. Qa7+ Bd7 39. Nb6 Re7 40. Qxa6 Re6 41. Qa7 Nh4 42. Qxd7+ Qxd7 43. Rxf4+ Ke7 44. Nxd7 0-1

[Event "DEN-ch MA7 Gr1"]
[Site "Koge"]
[Date "2004.04.09"]
[Round "4"]
[White "Paaske, Asger"]
[Black "Jensen, Leif"]
[Result "1/2-1/2"]
[WhiteElo "2160"]
[BlackElo "2071"]
[PlyCount "43"]
[EventDate "2004.04.06"]
[EventType "tourn"]
[EventRounds "7"]
[EventCountry "DEN"]
[SourceTitle "EXT 2018"]
[Source "ChessBase"]
[SourceDate "2017.10.13"]
[SourceVersion "1"]
[SourceVersionDate "2017.10.13"]
[SourceQuality "1"]

1. e4 e6 2. d4 d5 3. Nd2 dxe4 4. Nxe4 Bd7 5. Bd3 Bc6 6. Nf3 Bxe4 7. Bxe4 c6 8. 0-0 Nf6 9. Bd3 Bd6 10. Bg5 Nbd7 11. Qe2 Qc7 12. Rfe1 0-0 13. Ne5 Rfe8 14. h4 h6 15. Bd2 a6 16. g4 Nf8 17. Kg2 Nd5 18. c4 Ne7 19. g5 hxg5 20. hxg5 Bxe5 21. dxe5 Nfg6 22. f4 1/2-1/2

[Event "DEN-ch MA7 Gr1"]
[Site "Koge"]
[Date "2004.04.07"]
[Round "2"]
[White "Paaske, Asger"]
[Black "Petersen, Steen Brustrup"]
[Result "1-0"]
[WhiteElo "2160"]
[BlackElo "2112"]
[PlyCount "83"]
[EventDate "2004.04.06"]
[EventType "tourn"]
[EventRounds "7"]
[EventCountry "DEN"]
[SourceTitle "EXT 2018"]
[Source "ChessBase"]
[SourceDate "2017.10.13"]
[SourceVersion "1"]
[SourceVersionDate "2017.10.13"]
[SourceQuality "1"]

1. e4 c5 2. c3 e6 3. d4 d5 4. exd5 exd5 5. Nf3 Bd6 6. dxc5 Bxc5 7. Bb5+ Nc6 8. 0-0 Nge7 9. Nbd2 0-0 10. Nb3 Bd6 11. h3 Bf5 12. Nbd4 Bg6 13. Bg5 Nxd4 14. Nxd4 f6 15. Bh4 Bf7 16. Bd3 Qd7 17. Re1 Be5 18. Bc2 a6 19. Qf3 Bg6 20. Bb3 Kh8 21. Rad1 Be4 22. Rxe4 dxe4 23. Qxe4 Rad8 24. g4 Ng6 25. Bc2 Rfe8 26. Qd3 Qc7 27. Qf5 Qb6 28. Qh5 Nf8 29. g5 g6 30. Qf3 Bxd4 31. cxd4 f5 32. Bg3 Nd7 33. Bb3 Re4 34. Bf4 Qb4 35. Qg3 b6 36. a3 a5 37. axb4 axb4 38. Be5+ Nxe5 39. dxe5 Rxd1+ 40. Bxd1 Re1+ 41. Kg2 Rxd1 42. Qb3 1-0

[Event "Copenhagen AS04 Centenary"]
[Site "Copenhagen"]
[Date "2004.02.15"]
[Round "9"]
[White "Lund, Silas Esben"]
[Black "Paaske, Asger"]
[Result "1-0"]
[WhiteElo "2289"]
[BlackElo "2165"]
[PlyCount "81"]
[EventDate "2004.02.07"]
[EventType "swiss"]
[EventRounds "9"]
[EventCountry "DEN"]
[SourceTitle "CBM 098 Extra"]
[Source "ChessBase"]
[SourceDate "2004.03.10"]
[SourceVersion "2"]
[SourceVersionDate "2004.03.10"]
[SourceQuality "1"]

1. d4 Nf6 2. c4 g6 3. Nc3 d5 4. cxd5 Nxd5 5. e4 Nxc3 6. bxc3 Bg7 7. Bc4 c5 8. Ne2 0-0 9. 0-0 Nc6 10. Be3 Qc7 11. Rc1 Rd8 12. Bf4 Qd7 13. dxc5 Qg4 14. Qb3 Rf8 15. f3 Qh5 16. Qb5 Ne5 17. Bd5 a6 18. Qb6 Nd3 19. c6 Nxc1 20. Rxc1 bxc6 21. Bxc6 Be6 22. Bxa8 Rxa8 23. c4 Bh6 24. Rd1 Kg7 25. Ng3 Qh4 26. Be5+ f6 27. Qxe6 Be3+ 28. Kf1 fxe5 29. Qxe5+ Kh6 30. Ke2 Bf4 31. Qe6 Kg7 32. Rd7 Re8 33. Nf1 Bg5 34. g3 Qh5 35. h4 Bf6 36. Rd5 Qh6 37. e5 Kf8 38. Ne3 Bg7 39. f4 Rb8 40. Rd7 Qh5+ 41. Ng4 1-0

[Event "Rilton Cup 33rd"]
[Site "Stockholm"]
[Date "2004.01.04"]
[Round "8"]
[White "Marttala, Thomas"]
[Black "Paaske, Asger"]
[Result "1/2-1/2"]
[WhiteElo "2227"]
[BlackElo "2162"]
[PlyCount "84"]
[EventDate "2003.12.27"]
[EventType "swiss"]
[EventRounds "9"]
[EventCountry "SWE"]
[SourceTitle "CBM 097 Extra"]
[Source "ChessBase"]
[SourceDate "2004.01.13"]
[SourceVersion "1"]
[SourceVersionDate "2004.01.13"]
[SourceQuality "1"]

1. Nf3 Nf6 2. d4 g6 3. c4 Bg7 4. Nc3 d5 5. e3 0-0 6. cxd5 Nxd5 7. Bc4 Nb6 8. Bb3 Nc6 9. 0-0 e5 10. d5 Na5 11. e4 Bg4 12. h3 Nxb3 13. axb3 Bxf3 14. Qxf3 Nc8 15. Qd3 Nd6 16. Be3 a6 17. b4 f5 18. f3 fxe4 19. Nxe4 Nxe4 20. fxe4 Rxf1+ 21. Rxf1 Qd7 22. Qc3 Rf8 23. Rc1 Rf7 24. Bf2 Qe7 25. Bg3 Qg5 26. Rc2 h5 27. Rf2 Rxf2 28. Kxf2 Qf6+ 29. Ke2 Qd6 30. Kd3 b6 31. Kc2 Bf6 32. Qc4 Be7 33. Kb3 Kh7 34. Be1 b5 35. Qc3 Bf6 36. g4 hxg4 37. hxg4 Kg8 38. Bg3 Bg7 39. Qe3 Bf8 40. Qc3 Bg7 41. Bf2 Bf6 42. Bg3 Bg7 1/2-1/2